Law for librarians : a handbook for librarians in England and Wale

محفوظ في:
التفاصيل البيبلوغرافية
المؤلف الرئيسي: McLeod, Ian T.
مؤلفون آخرون: Cooling, Penelope
التنسيق: كتاب
منشور في: London : The Library Association publishing Ltd., c1990.
الموضوعات:
الوسوم: إضافة وسم
لا توجد وسوم, كن أول من يضع وسما على هذه التسجيلة!

MARC

LEADER 00000nam a22000007a 4500
020 |a 0851574491  |c TZS 58,417.24 
040 |a MUL  |b eng  |e AACR 
082 |a 344.1 MCL 
100 |a  McLeod, Ian T.  
245 |a  Law for librarians :   |b a handbook for librarians in England and Wale  |c / Ian McLeod and Penelope Cooling 
260 |a  London :  |b The Library Association publishing Ltd.,  |c c1990. 
300 |a  ix, 156 p. ;   |c 22 cm. 
504 |a Includes index 
650 |a Law  |z Great Britain 
650 |a Library legislation 
700 |a Cooling, Penelope  
942 |c BK 
999 |c 1068  |d 1068